00673nam a2200181Ia 4500952014500000999001500145003000400160005001700164008004100181020001800222040000900240082002000249100002700269245007600296260006400372300000900436942004600445 00102ddc40708MANAGEMENTaMESbMEScMANAGEMENTd2019-02-20g450.00l0o658.8342 KAP/Cp37785r2019-02-20 00:00:00w2019-02-20yBKzGL53R4 c8003d8003OSt20200127133847.0190216s9999||||xx |||||||||||||| ||und|| a9780071078108 coclc a658.8342bKAP/C aKapoor, Ramneek 91524 0aConsumer Behaviour Text And Cases /cRamneek Kapoor ; Nnamdi O Madichie bTata Mcgraw Hill Publishing Company Ltd,c2013.aNew Delhi: a426p cBK2ddch658.8342iKAP/Ck658.8342mKAP/C